Applied Graph Theory: An Introduction with Graph Optimization and Algebraic Graph Theory (Record no. 43424)

MARC details
000 -LEADER
fixed length control field 00486nam a22001697a 4500
005 - DATE AND TIME OF LATEST TRANSACTION
control field 20250326172045.0
008 - FIXED-LENGTH DATA ELEMENTS--GENERAL INFORMATION
fixed length control field 250326b |||||||| |||| 00| 0 eng d
020 ## - INTERNATIONAL STANDARD BOOK NUMBER
International Standard Book Number 9798886130980
041 ## - LANGUAGE CODE
Language code of text/sound track or separate title Eng.
082 ## - DEWEY DECIMAL CLASSIFICATION NUMBER
Classification number 511.5 GRI
100 ## - MAIN ENTRY--PERSONAL NAME
Author Griffin, Christopher
245 ## - TITLE STATEMENT
Title Applied Graph Theory: An Introduction with Graph Optimization and Algebraic Graph Theory
260 ## - PUBLICATION, DISTRIBUTION, ETC.
Place New Jersey
Publisher World Scientific
Publication Year 2024
300 ## - PHYSICAL DESCRIPTION
Extent 282;. P. 23 cm
650 ## - SUBJECT ADDED ENTRY--TOPICAL TERM
Subject Graph Theory
942 ## - ADDED ENTRY ELEMENTS (KOHA)
Koha item type Books
Holdings
Withdrawn status Lost status Source of classification or shelving scheme Damaged status Not for loan Home library Current library Shelving location Accession Date Vendor Price Bill number Total Checkouts Full call number Barcode No Date last seen Date last checked out Discount Bill Date Koha item type Suggested By
    Dewey Decimal Classification     IMTN IMTN Rack 17-A 03/19/2025 Raghav Books Private Limited 1495.00 2374 1 511.5 GRI 33715 10/14/2025 10/06/2025 30 02/14/2025 Books Dr. Veena Pailwar
Designed & Maintained by: LRC IMT Nagpur Contact: lrc@imtnag.ac.in© 2024. All Rights Reserved.